Avignon - Choix multiples - Statistiques

Statistiques générales
  • Ce quiz a été pris 115 fois
  • Le résultat moyen est 6 sur 10
Statistiques - réponses
Question Réponse % Correct
Quel fleuve traverse la ville ? Rhône
97%
Quel phrase n'est pas dans le refrain de la musique Sur le pont d'Avignon ? On y chante tous ensemble
93%
Quel monument ne se situe pas à Avignon ?
86%
Et qui l'a créé ? Jean Vilar
72%
Quel plat est une spécialité de la ville d'Avignon ? L'alose à l'étouffée
64%
Où s'est joué les débuts du Festival d'Avignon ? Cour d'honneur du palais des Papes
55%
Quel artiste a peint Les Demoiselles d'Avignon ? Pablo Picasso
52%
Quel ministre de Louis XIII s'est déjà exilé à Avignon ? Armand Jean du Plessis de Richelieu
41%
Dans quel domaine excellait Pétrarque qui avait une grande haine contre Avignon ? La poésie
39%
Quel pape n'a pas connu la papauté d'Avignon (1309-1377) ? Benoît XI
30%
Aucun quiz correspondant
Distribution des résultats
% des personnes avec chaque résultat
Percentile par nombre de réponses
Votre historique - résultats
Vous n’avez pas pris ce quiz